MDQL
is popping MORE tags! Check the
thread
!
Quizzes
Events
Quiz Creation
Community
Videos
Private Events
Remove Ads
Sign In
Join for FREE
Feedback
Dark Mode
Quiz Categories
Sports
Geography
Music
Movies
Television
Just For Fun
Miscellaneous
History
Literature
Language
Science
Gaming
Entertainment
Religion
Holiday
For Kids
Quiz Lab
Recent
Popular Today
Quiz Kudos Today
Editor Picks
Curator Picks
Quizzes by...
Day
Popularity
Type
Ratings
Length
Year
Community
Subscriptions
Recent Discussions
Orange Saloon
Badges
Playlists
Quests
Create
Leaderboards
Showdown
Live 5
Trivia Bingo
Activity
Puzzle Library
Sporcle Events
Private Events
Virtual Trivia
Globe League
Become a Host
Pub Owners
SporcleCon
Opinionation
Our Games
Videos
Blog
Mobile Apps
Partnerships
Remove Ads and Go Orange
Feedback
Science
Computer
Plants
Astronomy
Chemistry
Elements
Math
Animal
Physics
Anatomy
Biology
Geology
General Science
Science
Computer
Plants
Astronomy
Chemistry
Elements
Math
Animal
Physics
Anatomy
Biology
Geology
General Science
Random Quiz
Search Sporcle
×
Editor Pick
Editor Pick
Science
Letter
Type in answers that appear in a list
Type in answers that appear in a list
Classic
Best Score? Go Orange.
Elements by Ending Letters Stats
Can you name the elements (in American English) by their ending letters?
By
Heresy
5m
40 Questions
1,199 Plays
1,199 Plays
1,199 Plays
Comments
Comments
Give Quiz Kudos
Give Quiz Kudos
-
- Ratings
hide this ad
Replay
Link that replays current quiz
Next Quiz
Link to next quiz in quiz playlist
You Got
0%
They Got
Avg Score
66%
Avg Friend Score
Upgrade to see
Score Distribution
Jump to the score distribution portion of the page
Score
0/40
Timer
05:00
0
Plays Today
Last letter(s)
Element
% Correct
-
gen
Oxygen
92.4%
-
gen
Hydrogen
90.3%
-
on
Boron
87.2%
-
ine
Chlorine
85.9%
-
gen
Nitrogen
85.5%
-
d
Gold
84.7%
-
on
Neon
84.5%
-
on
Carbon
83.8%
-
ine
Fluorine
83.7%
-
on
Argon
82.8%
-
r
Silver
81.8%
-
ine
Bromine
80.7%
-
ine
Iodine
79.9%
-
on
Xenon
79.6%
-
on
Radon
79.4%
-
on
Krypton
78.8%
-
in or -
en
Tin
75.1%
-
c
Zinc
74.8%
-
d
Lead
74.4%
-
c
Arsenic
72.5%
Last letter(s)
Element
% Correct
-
r
Copper
71.4%
-
y
Mercury
70.6%
-
on
Iron
69.5%
-
y
Antimony
68.5%
-
on
Oganesson
67.1%
-
in or -
en
Tungsten
65.4%
-
ine
Astatine
65%
-
r
Sulfur
62.7%
-
ine
Tennessine
62.6%
-
on
Silicon
60%
Other not -
ium
Manganese
57.2%
Other not -
ium
Phosphorus
56.2%
Other not -
ium
Cobalt
55.8%
Other not -
ium
Nickel
51.5%
-
um but not -
ium
Platinum
47.7%
-
um but not -
ium
Lanthanum
44.3%
Other not -
ium
Bismuth
43.9%
-
um but not -
ium
Molybdenum
41.7%
-
um but not -
ium
Aluminum
38.9%
-
um but not -
ium
Tantalum
35.8%
Quiz Playlist
Details
Report
Send in Message
Add To Playlist
Classic:
Type in answers that appear in a list
Quiz Source
Last Updated: Feb 16, 2017
Editor Pick in
Science
Quiz Scoreboard
CHALLENGE
Sign Up to Join the Scoreboard
Show All
Scores
Hide
Comments
May contain spoilers
Recently Published
Find the 'City' Movie
by crazypaving
Movies
60s
5x2 Blitz: Bands
by SL_Kpop136
Music
30s
Colored Red Africa Blitz
by spor1
Geography
30s
More to Explore
Quiz From the Vault
Featured Blog Post
14 Easter Pick-up Lines to Find Eggs With
hide this ad
You Might Also Like...
Tags
Elements Quiz
Letter Quiz
America
Ending
English
last
Today's Top Quizzes in Science
Browse Science
hide this ad
Today's Top Quizzes in Letter
Browse Letter
Top Contributed Quizzes in Science
1
Glycolysis
2
Square Numbers Scrambled (1-50)
3
Vet Tech Pharmacology Drug Contraindications
4
Missing Vowel Minefield: Lanthanides
5
'C' Flowers II
6
Sorting Squares: Animals by Continent
7
Multiplication table 1-10
8
Amino Acid Groups
9
Astronomy Spelling Bee
10
3-letter Elementary Words
Explore More
Trending Topics
Marvel
NBA
Anime
Harry Potter
Disney
Crossword
Kpop
Pokémon
Puzzle
WWE
Country
Soccer
The Office
Song
NFL
hide this ad
More By:
Heresy
Quiz
Plays
Rating
Category
Featured
Created
Countries grouped by letter
2,414
4.21
Geography
Dec 16, 2009
Elements with V W X Y Z
1,904
4.32
Science
Dec 7, 2009
Elements by Ending Letters
1,199
4.19
Science
Nov 9, 2009
Elements named from mythology
872
4.40
Science
Nov 9, 2009
Geography Items That Start With 'A'
754
4.36
Geography
Dec 3, 2009
Go to Creator's Profile
Score Distribution
Quiz Creator Spotlight
Heresy
Follow
Send a Message
Quizzes Created
-
Created Quiz Play Count
-
More By This Creator
Popular Quizzes Today
1
Colored Red Africa Blitz
2
Find the 'City' Movie
3
5x2 Blitz: Bands
4
Find the US States - No Outlines Minefield
5
The Countries of the World
6
Find the US States
7
US States
8
9x9 Crossword: Cartoon Network
More Science Quizzes
Criteria Quickie: Animals III
Published
Trending Quizzes
Colored Red Europe Blitz I
Colored Red Africa Blitz II
Colored Red Europe Blitz II
Colored Red Europe Blitz III
Colored Red Africa Blitz III
Recently Updated
Famous TV Couples
Peacemaker
Champions League XIs: Real Madrid
pecheneg
Largest US Cities 1790-2010
pecheneg
Rides in Walt Disney World
pecheneg
Most Oscar Losses (Acting)
pecheneg
Beyoncé Albums
pecheneg
Leaping Animals
pecheneg
Reality TV Shows (A-Z)
bhenderson79
Rickey Henderson's Hall of Fame Teammates
pecheneg
Champions League XIs: Arsenal
pecheneg
Trending Topics
Harry Potter
NBA
Marvel
Anime
Kpop
Disney
Crossword
NFL
Puzzle
Country
WWE
Soccer
Song
Pokémon
The Office
Your Account Isn't Verified!
In order to create a playlist on Sporcle, you need to verify the email address you used during registration. Go to your
Sporcle Settings
to finish the process.
Report this User
Report this user for behavior that violates our
Community Guidelines
.
Details:
Send Report
Go to the Sporcle.com Mobile Site →
Comments